Meilleurs Buteurs des 5 grands championnats depuis 2000 - Statistiques

Statistiques générales
  • Ce quiz a été pris 491 fois
    140 depuis la dernière actualisation
  • Le résultat moyen est 93 sur 130
Statistiques - réponses
Saison Club Meilleur Buteur Nombre de Buts % Correct
2007-2008 Manchester United Cristiano Ronaldo 31
99%
2010-2011 Real Madrid CF Cristiano Ronaldo 40
99%
2013-2014 Real Madrid CF Cristiano Ronaldo 31
99%
2014-2015 Real Madrid CF Cristiano Ronaldo 48
99%
2020-2021 Juventus Turin Cristiano Ronaldo 29
99%
2015-2016 Tottenham Hotspur Harry Kane 25
99%
2016-2017 Tottenham Hotspur Harry Kane 29
99%
2020-2021 Tottenham Hotspur Harry Kane 23
99%
2023-2024 Bayern Munich Harry Kane 36
99%
2024-2025 Bayern Munich Harry Kane 26
99%
2024-2025 Real Madrid CF Kylian Mbappé 31
99%
2018-2019 Paris SG Kylian Mbappé 33
99%
2019-2020 Paris SG Kylian Mbappé 18
99%
2020-2021 Paris SG Kylian Mbappé 27
99%
2021-2022 Paris SG Kylian Mbappé 28
99%
2022-2023 Paris SG Kylian Mbappé 29
99%
2023-2024 Paris SG Kylian Mbappé 27
99%
2009-2010 FC Barcelone Lionel Messi 34
99%
2011-2012 FC Barcelone Lionel Messi 50
99%
2012-2013 FC Barcelone Lionel Messi 46
99%
2016-2017 FC Barcelone Lionel Messi 37
99%
2017-2018 FC Barcelone Lionel Messi 34
99%
2018-2019 FC Barcelone Lionel Messi 36
99%
2019-2020 FC Barcelone Lionel Messi 25
99%
2020-2021 FC Barcelone Lionel Messi 30
99%
2022-2023 FC Barcelone Robert Lewandowski 23
99%
2013-2014 Borussia Dortmund Robert Lewandowski 20
99%
2015-2016 Bayern Munich Robert Lewandowski 30
99%
2017-2018 Bayern Munich Robert Lewandowski 29
99%
2018-2019 Bayern Munich Robert Lewandowski 22
99%
2019-2020 Bayern Munich Robert Lewandowski 34
99%
2020-2021 Bayern Munich Robert Lewandowski 41
99%
2021-2022 Bayern Munich Robert Lewandowski 35
99%
2003-2004 Real Madrid CF Ronaldo 24
99%
2021-2022 Real Madrid CF Karim Benzema 27
98%
2007-2008 Olympique Lyonnais Karim Benzema 20
98%
2022-2023 Manchester City Erling Haaland 36
97%
2023-2024 Manchester City Erling Haaland 27
97%
2024-2025 Paris SG Ousmane Dembélé 21
97%
2008-2009 Inter Milan Zlatan Ibrahimovic 25
97%
2011-2012 AC Milan Zlatan Ibrahimovic 28
97%
2012-2013 Paris SG Zlatan Ibrahimovic 30
97%
2013-2014 Paris SG Zlatan Ibrahimovic 26
97%
2015-2016 Paris SG Zlatan Ibrahimovic 38
97%
2017-2018 Liverpool FC Mohamed Salah 32
95%
2021-2022 Liverpool FC Mohamed Salah 23
95%
2024-2025 Liverpool FC Mohamed Salah 29
95%
2012-2013 SSC Naples Edinson Cavani 29
94%
2016-2017 Paris SG Edinson Cavani 35
94%
2017-2018 Paris SG Edinson Cavani 28
94%
2013-2014 Liverpool FC Luis Suarez 31
94%
2015-2016 FC Barcelone Luis Suarez 40
94%
2001-2002 Arsenal FC Thierry Henry 24
94%
2003-2004 Arsenal FC Thierry Henry 30
94%
2004-2005 Arsenal FC Thierry Henry 25
94%
2005-2006 Arsenal FC Thierry Henry 27
94%
2011-2012 Montpellier HSC Olivier Giroud 21
93%
2014-2015 Olympique Lyonnais Alexandre Lacazette 27
92%
2019-2020 Leicester City Jamie Vardy 23
92%
2014-2015 Manchester City Sergio Aguero 26
91%
2006-2007 Chelsea FC Didier Drogba 20
90%
2009-2010 Chelsea FC Didier Drogba 29
90%
2023-2024 Inter Milan Lautaro Martinez 24
89%
2013-2014 Torino FC Ciro Immobile 22
84%
2019-2020 Lazio Rome Ciro Immobile 36
84%
2021-2022 Lazio Rome Ciro Immobile 27
84%
2018-2019 Arsenal FC Pierre-Emerick Aubameyang 22
84%
2016-2017 Borussia Dortmund Pierre-Emerick Aubameyang 31
84%
2005-2006 FC Barcelone Samuel Eto'o 26
83%
2022-2023 SSC Naples Victor Osimhen 26
80%
2011-2012 Arsenal FC Robin Van Persie 30
78%
2012-2013 Manchester United Robin Van Persie 26
78%
2006-2007 AS Rome Francesco Totti 26
74%
2005-2006 Paris SG Pauleta 21
72%
2006-2007 Paris SG Pauleta 15
72%
2000-2001 Real Madrid CF Raul 24
72%
2022-2023 RB Leipzig Christopher Nkunku 16
71%
2015-2016 SSC Naples Gonzalo Higuain 36
71%
2001-2002 AJ Auxerre Djibril Cissé 22
69%
2003-2004 AJ Auxerre Djibril Cissé 26
69%
2002-2003 Manchester United Ruud Van Nistelrooy 25
69%
2006-2007 Real Madrid CF Ruud Van Nistelrooy 25
69%
2007-2008 Juventus Turin Alessandro Del Piero 21
66%
2016-2017 AS Rome Edin Dzeko 29
65%
2009-2010 VFL Wolfsburg Edin Dzeko 22
65%
2023-2024 Girona FC Artem Dovbyk 24
63%
1999-2000 AC Milan Andriy Shevchenko 24
61%
2003-2004 AC Milan Andriy Shevchenko 24
61%
2004-2005 Villarreal CF Diego Forlan 25
61%
2008-2009 Atlético de Madrid Diego Forlan 32
61%
2010-2011 Bayern Munich Mario Gomez 28
61%
2008-2009 Toulouse FC André-Pierre Gignac 24
60%
2009-2010 Udinese Calcio Antonio Di Natale 29
59%
2010-2011 Udinese Calcio Antonio Di Natale 28
59%
2024-2025 Atalanta BC Mateo Retegui 25
57%
2014-2015 Inter Milan Mauro Icardi 22
57%
2017-2018 Inter Milan Mauro Icardi 29
57%
2005-2006 Werder Brême Miroslav Klose 25
56%
2009-2010 Olympique de Marseille Mamadou Niang 18
54%
2010-2011 Lille OSC Moussa Sow 25
54%
2001-2002 Juventus Turin David Trezeguet 24
51%
2018-2019 UC Sampdoria Fabio Quagliarella 26
51%
1999-2000 Olympique Lyonnais Sonny Anderson 23
51%
2000-2001 Olympique Lyonnais Sonny Anderson 22
51%
2005-2006 ACF Fiorentina Luca Toni 31
42%
2007-2008 Bayern Munich Luca Toni 24
42%
2008-2009 Chelsea FC Nicolas Anelka 19
42%
2011-2012 FC Schalke 04 Klaas-Jan huntelaar 29
35%
2004-2005 Stade Rennais FC Alexander Frei 20
33%
2010-2011 Manchester United Dimitar Berbatov 20
33%
2000-2001 Lazio Rome Hernan Crespo 26
33%
2002-2003 AS Monaco Shabani Nonda 26
30%
2002-2003 Inter Milan Christian Vieri 24
22%
2002-2003 Deportivo La Corogne Roy Makaay 29
19%
2012-2013 Bayer Leverkusen Stefan Kiebling 25
14%
2014-2015 Eintracht Francfort Alexander Meier 19
13%
2002-2003 Bayern Munich Giovane Elber 21
13%
2008-2009 VFL Wolfsburg Grafite 28
11%
2000-2001 Chelsea FC Jimmy Floyd Hasselbaink 23
11%
2007-2008 RCD Majorque Daniel Guiza 27
6%
2001-2002 Deportivo La Corogne Diego Tristan 20
6%
1999-2000 Sunderland AFC Kevin Phillips 30
6%
2003-2004 Werder Brême Ailton 28
4%
2006-2007 VFL Bochum Theofanis Gekas 20
4%
2004-2005 AS Livourne Calcio Cristiano Lucarelli 24
3%
1999-2000 TSV 1860 Munich Martin Max 19
3%
2001-2002 TSV 1860 Munich Martin Max 18
3%
2004-2005 FC Nuremberg Marek Mintal 24
2%
1999-2000 Racing de Santander Salva Ballesta 27
1%
2000-2001 Hambourg SV Sergej Barbarez 22
1%
Aucun quiz correspondant
Distribution des résultats
% des personnes avec chaque résultat
Percentile par nombre de réponses
Votre historique - résultats
Vous n’avez pas pris ce quiz depuis la dernière actualisation